[Event "18th WCh U20 Girls"]
[Site "Yerevan ARM"]
[Date "2000.09.20"]
[Round "3"]
[White "Javakhishvili, Lela"]
[Black "Plachkinova, Tatiana"]
[Result "1-0"]
[WhiteElo "2301"]
[BlackElo "2171"]
[EventDate "2000.09.02"]
[PlyCount "75"]

1.d4 Nf6 2.c4 c5 3.d5 b5 4.cxb5 a6 5.bxa6 g6 6.Nc3 Bxa6 7.g3 d6 8.Bg2 Bg7 
9.Nf3 O-O 10.O-O Nbd7 11.Rb1 Ng4 12.Qc2 Qa5 13.Bd2 Rfb8 14.b3 Nge5 15.Ne1 
Bb7 16.a4 Qd8 17.h3 Nb6 18.Kh2 e6 19.f4 Ned7 20.dxe6 fxe6 21.Bxb7 Rxb7 22.
Qe4 d5 23.Qxe6+ Kh8 24.Qg4 Nf6 25.Qf3 Re7 26.Ng2 Ne4 27.Rbd1 Nxd2 28.Rxd2 
Bd4 29.Nb5 Bg7 30.Rc1 c4 31.bxc4 d4 32.c5 Nxa4 33.Nxd4 Bxd4 34.Rxd4 Qxd4 
35.Qxa8+ Kg7 36.c6 Qe4 37.Qa6 Rc7 38.Rc4 1-0

[Event "18th WCh U20 Girls"]
[Site "Yerevan ARM"]
[Date "2000.09.20"]
[Round "3"]
[White "Ionica, Iulia"]
[Black "Mohota, Nisha"]
[Result "0-1"]
[WhiteElo "2160"]
[BlackElo "2275"]
[EventDate "2000.09.02"]
[PlyCount "146"]

1.e4 c6 2.d4 d5 3.f3 e6 4.Nc3 Bb4 5.Bd2 Bxc3 6.Bxc3 dxe4 7.Qe2 exf3 8.Nxf3
Qd5 9.Qe3 Nf6 10.Bd3 b6 11.Qe2 a5 12.O-O Ba6 13.Rae1 Bxd3 14.Qxd3 Nbd7 15.
Bd2 c5 16.c4 Qd6 17.Bc3 O-O-O 18.Qc2 cxd4 19.Bxd4 Kb7 20.Rd1 Qc7 21.b4 
axb4 22.Rb1 e5 23.Bf2 Nc5 24.Rxb4 Rhe8 25.Rb5 Nfe4 26.Be3 Rd3 27.Bxc5 Nxc5
28.a4 e4 29.Ne1 Rd6 30.a5 Ree6 31.Qf2 e3 32.Qf3+ Kb8 33.axb6 Rxb6 34.Nc2 
Rxb5 35.cxb5 e2 36.Re1 Qe5 37.b6 f5 38.Qa3 Rxb6 39.Qf3 Re6 40.Rb1+ Ka7 41.
Qa3+ Na6 42.Qb3 Qc5+ 43.Kh1 Qb6 44.Qxb6+ Rxb6 45.Rxb6 Kxb6 46.Kg1 Nb4 47.
Ne1 Nc6 48.Kf2 Nd4 49.Nd3 Kc6 50.Ke3 Kd5 51.Nf4+ Kc4 52.Kd2 g5 53.Nh5 h6 
54.Nf6 f4 55.h3 Kc5 56.Ng8 h5 57.Nf6 g4 58.hxg4 h4 59.Ne4+ Kd5 60.Ng5 Kd6 
61.Nh3 Ke5 62.Ng1 Ke4 63.Nxe2 f3 64.gxf3+ Nxf3+ 65.Kd1 Ke3 66.g5 Nxg5 67.
Ke1 Nf3+ 68.Kf1 Nd2+ 69.Ke1 h3 70.Ng3 Kf3 71.Nh1 Kg2 72.Nf2 h2 73.Nh1 Ne4 
0-1

[Event "18th WCh U20 Girls"]
[Site "Yerevan ARM"]
[Date "2000.09.20"]
[Round "3"]
[White "Galoian, Lilit"]
[Black "Khukhashvili, Sopiko"]
[Result "1-0"]
[WhiteElo "2114"]
[BlackElo "2272"]
[EventDate "2000.09.02"]
[PlyCount "173"]

1.d4 d6 2.c4 Nd7 3.e4 e5 4.d5 g6 5.Bd3 Bg7 6.Nc3 h6 7.Be3 Ngf6 8.f3 a5 9.
Qd2 Nc5 10.Bc2 Nfd7 11.Nge2 Nb6 12.b3 O-O 13.O-O Kh7 14.Rab1 Bd7 15.Nb5 
Bxb5 16.cxb5 a4 17.Rfc1 axb3 18.axb3 Qd7 19.Bd3 Nxd3 20.Qxd3 Ra5 21.Rc2 
Rfa8 22.Rbc1 Ra1 23.Kf2 Rxc1 24.Nxc1 Re8 25.Na2 Nc8 26.Nc3 Re7 27.Na4 b6 
28.Qc4 f5 29.Qc6 Qd8 30.Qa8 Rd7 31.Ke2 Bf6 32.Kd3 Rf7 33.Qb8 Qd7 34.Rc6 
fxe4+ 35.fxe4 Bd8 36.Nc3 Kg7 37.h3 Rf8 38.Qb7 Rf7 39.Rc4 h5 40.Qc6 Qe7 41.
Qb7 Qd7 42.Ra4 Bh4 43.Ra8 Rf8 44.Kc4 g5 45.Ne2 g4 46.hxg4 Qxg4 47.Nc3 Qd7 
48.Ne2 Kg6 49.Nc3 Bg3 50.Kd3 Re8 51.Qc6 Qf7 52.Ra1 Rg8 53.Ne2 Bh4 54.Rh1 
Bd8 55.Ng3 h4 56.Nf5 Rh8 57.Qc1 Rh5 58.Qd1 Rxf5 59.Qg4+ Rg5 60.Bxg5 Bxg5 
61.Qxc8 Qf4 62.Qf5+ Qxf5 63.exf5+ Kxf5 64.Rf1+ Bf4 65.Rh1 e4+ 66.Ke2 Bg5 
67.Rf1+ Bf4 68.Ra1 Ke5 69.Ra7 Kxd5 70.Rxc7 Be5 71.Ke3 Bd4+ 72.Kf4 Be5+ 73.
Ke3 Bd4+ 74.Kf4 Bf2 75.Re7 e3 76.Kf3 Kc5 77.Rd7 d5 78.Ke2 d4 79.Rd8 Bg3 
80.Kd3 Be5 81.Rg8 Kb4 82.Rg4 Kxb3 83.Rxh4 Kb2 84.g4 Bf6 85.Rh6 Bg5 86.Rxb6
Kc1 87.Re6 1-0

[Event "18th WCh U20 Girls"]
[Site "Yerevan ARM"]
[Date "2000.09.20"]
[Round "3"]
[White "Babataeva, Indira"]
[Black "Batyte, Daiva"]
[Result "0-1"]
[WhiteElo "2077"]
[BlackElo "2164"]
[EventDate "2000.09.02"]
[PlyCount "92"]

1.e4 e6 2.d4 d5 3.Nc3 Nf6 4.e5 Nfd7 5.Nce2 c5 6.c3 Nc6 7.f4 cxd4 8.Nxd4 
Bc5 9.Ngf3 Bxd4 10.cxd4 O-O 11.Bd3 f6 12.O-O Re8 13.g4 Nf8 14.b3 Qb6 15.
Kh1 Bd7 16.Ba3 Nb4 17.Bb1 a5 18.Qe1 f5 19.Rg1 Rac8 20.Qf2 Ng6 21.Ng5 h6 
22.Nxe6 Nxe5 23.fxe5 Rxe6 24.gxf5 Rxe5 25.Rg6 Rc6 26.f6 Rxf6 27.Rxf6 gxf6 
28.Qh4 Rg5 29.Qxh6 Qxd4 30.Bh7+ Kf7 31.Rf1 Qe5 32.Bc1 Rg4 33.Rg1 Rxg1+ 34.
Kxg1 Qe1+ 35.Kg2 Qe2+ 36.Kg1 Qg4+ 37.Kf2 Bf5 38.Bxf5 Qxf5+ 39.Kg3 d4 40.
Bd2 Qe5+ 41.Kg2 Qe4+ 42.Kg3 d3 43.Qe3 Qe5+ 44.Qxe5 fxe5 45.a3 Nc2 46.Kf3 
Nd4+ 0-1

[Event "18th WCh U20 Girls"]
[Site "Yerevan ARM"]
[Date "2000.09.20"]
[Round "3"]
[White "Gasparian, Mariana"]
[Black "Minnaar, Michelle"]
[Result "1-0"]
[WhiteElo "2090"]
[BlackElo "2062"]
[EventDate "2000.09.02"]
[PlyCount "59"]

1.d4 Nf6 2.Nf3 g6 3.c4 Bg7 4.g3 d6 5.Bg2 O-O 6.O-O Nbd7 7.Qc2 e5 8.Rd1 Qe7
9.Nc3 c6 10.b3 Nh5 11.Ba3 Rd8 12.Ne4 Ndf6 13.Bxd6 Qe8 14.Nxf6+ Nxf6 15.
Bxe5 Bf5 16.Qb2 Nh5 17.Bxg7 Nxg7 18.Ne5 Rab8 19.e4 Bd7 20.d5 c5 21.Nd3 Qe7
22.Qa3 b6 23.Qxa7 Ne8 24.Qa3 Nd6 25.Qb2 f6 26.Re1 Nf7 27.f4 Be8 28.e5 f5 
29.d6 Qa7 30.Bd5 1-0

[Event "18th WCh U20 Girls"]
[Site "Yerevan ARM"]
[Date "2000.09.20"]
[Round "3"]
[White "Leclair, Marie"]
[Black "Dvorakova, Magdalena"]
[Result "1-0"]
[WhiteElo "2050"]
[BlackElo "2026"]
[EventDate "2000.09.02"]
[PlyCount "115"]

1.e4 c5 2.Nf3 b6 3.d4 cxd4 4.Nxd4 Bb7 5.Nc3 a6 6.Bd3 g6 7.O-O Bg7 8.Be3 
Nf6 9.f4 O-O 10.g4 d6 11.g5 Nfd7 12.a4 Nc6 13.Bc4 Nc5 14.Qd2 Qd7 15.f5 Ne5
16.Bd5 Bxd5 17.Nxd5 f6 18.Nxb6 Qb7 19.Nxa8 fxg5 20.fxg6 Nxg6 21.Rxf8+ Kxf8
22.Rf1+ Kg8 23.Nf5 Qxa8 24.Nxg7 Kxg7 25.Bxg5 Qxe4 26.Bh6+ Kg8 27.Qg2 Qxg2+
28.Kxg2 Nxa4 29.b3 Nc5 30.Be3 Ne6 31.Ra1 Nc7 32.Bb6 Nf4+ 33.Kf3 Nfd5 34.
Bxc7 Nxc7 35.Ra4 Kf7 36.Ke3 e5 37.Rc4 Nd5+ 38.Kd2 h5 39.Rc6 Ke6 40.Rxa6 
Kd7 41.Ra7+ Kc6 42.Rh7 Nf4 43.Ke3 Kd5 44.Rf7 Ng6 45.Rf5 h4 46.Rg5 Ne7 47.
c3 Ke6 48.Kf3 Nf5 49.Kg4 Ne3+ 50.Kxh4 Nf1 51.Kh3 Nd2 52.b4 Ne4 53.Rg3 d5 
54.Re3 Nd2 55.Kg4 Nc4 56.Re2 Kf7 57.h4 e4 58.Rf2+ 1-0

[Event "18th WCh U20 Girls"]
[Site "Yerevan ARM"]
[Date "2000.09.22"]
[Round "4"]
[White "Wang Yu"]
[Black "Xu Yuanyuan"]
[Result "0-1"]
[WhiteElo "2401"]
[BlackElo "2396"]
[EventDate "2000.09.02"]
[PlyCount "86"]

1.e4 c6 2.d4 d5 3.exd5 cxd5 4.c4 Nf6 5.Nc3 e6 6.Nf3 Bb4 7.cxd5 Nxd5 8.Qc2 
Nc6 9.Bd3 Ba5 10.a3 Nxc3 11.bxc3 Nxd4 12.Nxd4 Qxd4 13.Bb5+ Kf8 14.O-O Qxc3
15.Qb1 Qf6 16.a4 e5 17.Qe4 Qf5 18.Qd5 Qe6 19.Ba3+ Kg8 20.Qc5 h6 21.Bc4 Qc6
22.Qf8+ Kh7 23.Qxf7 Qd7 24.Qf3 Rd8 25.h3 Qf5 26.Qb3 Qg6 27.Be7 Rd4 28.Bg8+
Kh8 29.Bf7 Qf5 30.Rad1 Bb6 31.Rxd4 Bxd4 32.Bd5 Qd7 33.Ba3 Rb8 34.Qf3 Qd8 
35.Qf7 Bf5 36.Rc1 Qd7 37.Rc7 Qxf7 38.Rxf7 Bc2 39.Bxb7 Bxa4 40.Be4 Bb3 41.
Re7 Rd8 42.h4 Rf8 43.Rb7 Bxf2+ 0-1

[Event "18th WCh U20 Girls"]
[Site "Yerevan ARM"]
[Date "2000.09.22"]
[Round "4"]
[White "Pahtz, Elisabeth"]
[Black "Calotescu, Ana-Cristina"]
[Result "1/2-1/2"]
[WhiteElo "2343"]
[BlackElo "2222"]
[EventDate "2000.09.02"]
[PlyCount "86"]

1.e4 e6 2.d4 d5 3.Nc3 Nf6 4.e5 Nfd7 5.Nf3 c5 6.dxc5 Bxc5 7.Bd3 a6 8.Bf4 b5
9.a3 Nc6 10.Qe2 Nb6 11.h4 Nc4 12.Nd1 Qc7 13.a4 Rb8 14.axb5 axb5 15.Bg3 
N6a5 16.h5 h6 17.Rh4 b4 18.b3 Na3 19.Rg4 Kf8 20.Kf1 Bd7 21.Kg1 Bb5 22.Nb2 
Nc6 23.Bh4 Rg8 24.Rd1 Ne7 25.Bg3 Nf5 26.Kh2 g5 27.hxg6 fxg6 28.Qd2 g5 29.
Na4 Be7 30.Nd4 Nxd4 31.Rxd4 Rc8 32.Bxb5 Nxb5 33.Rxb4 Nc3 34.Rc4 dxc4 35.
Qxc3 cxb3 36.Qxb3 Qc6 37.Nb6 Rc7 38.Rd6 Bxd6 39.exd6 Rb7 40.Qxe6 Qxb6 41.
Qc8+ Kf7 42.Qf5+ Ke8 43.Qe6+ Kf8 1/2-1/2

[Event "18th WCh U20 Girls"]
[Site "Yerevan ARM"]
[Date "2000.09.22"]
[Round "4"]
[White "Gvetadze, Sopio"]
[Black "Ramaswamy, Aarthie"]
[Result "1/2-1/2"]
[WhiteElo "2196"]
[BlackElo "2319"]
[EventDate "2000.09.02"]
[PlyCount "47"]

1.e4 c5 2.Nf3 Nc6 3.Bb5 e6 4.Bxc6 bxc6 5.O-O Ne7 6.c3 Ng6 7.d4 Be7 8.Be3 
cxd4 9.cxd4 O-O 10.Nc3 f5 11.Qc2 Qe8 12.Bg5 Ba6 13.Bxe7 Qxe7 14.Rfe1 fxe4 
15.Nxe4 Rxf3 16.gxf3 Rf8 17.Qc5 Qf7 18.Qh5 Nf4 19.Qxf7+ Rxf7 20.Ng3 Nh3+ 
21.Kg2 Nf4+ 22.Kg1 Nh3+ 23.Kg2 Nf4+ 24.Kg1 1/2-1/2

[Event "18th WCh U20 Girls"]
[Site "Yerevan ARM"]
[Date "2000.09.22"]
[Round "4"]
[White "Javakhishvili, Lela"]
[Black "Aginian, Nelly"]
[Result "1/2-1/2"]
[WhiteElo "2301"]
[BlackElo "2205"]
[EventDate "2000.09.02"]
[PlyCount "119"]

1.d4 Nf6 2.c4 g6 3.Nf3 Bg7 4.Nc3 d5 5.Qa4+ c6 6.cxd5 Nxd5 7.e4 Nb6 8.Qc2 
O-O 9.Be3 Be6 10.b3 a5 11.Be2 Na6 12.O-O f5 13.Rad1 Nb4 14.Qd2 fxe4 15.
Nxe4 Bf5 16.Nc5 Qc8 17.Nh4 Bg4 18.h3 Bxe2 19.Qxe2 N4d5 20.Bd2 Bf6 21.Nf3 
Re8 22.Qe4 a4 23.h4 axb3 24.axb3 Bg7 25.Ra1 Rxa1 26.Rxa1 Nf6 27.Qe2 Nbd5 
28.Ng5 b6 29.Nce6 h6 30.Nf3 Nc7 31.Nxc7 Qxc7 32.Qe6+ Kh7 33.Ne5 Qd6 34.Qc4
c5 35.Bc3 Qd5 36.Qd3 Qe4 37.dxc5 Qxd3 38.Nxd3 bxc5 39.Nxc5 Rc8 40.b4 Nd5 
41.Bxg7 Kxg7 42.Na6 Rc4 43.b5 Rxh4 44.Rc1 Ra4 45.Rc5 Nf4 46.Rc2 Nd3 47.Kh2
h5 48.Rd2 Ne5 49.f3 Rh4+ 50.Kg3 Ra4 51.Rb2 Nd7 52.Rc2 Ne5 53.Rc5 Nf7 54.
Rc6 Nd6 55.b6 Rxa6 56.b7 Rxc6 57.b8=Q Rc8 58.Qb2+ Kf7 59.Qe5 Nf5+ 60.Kh3 
1/2-1/2

[Event "18th WCh U20 Girls"]
[Site "Yerevan ARM"]
[Date "2000.09.22"]
[Round "4"]
[White "Mkrtchian, Lilit"]
[Black "Kaps, Darja"]
[Result "1/2-1/2"]
[WhiteElo "2312"]
[BlackElo "2180"]
[EventDate "2000.09.02"]
[PlyCount "25"]

1.e4 c6 2.Nc3 d5 3.Nf3 dxe4 4.Nxe4 Nf6 5.Ng3 g6 6.Bc4 Bg7 7.d4 O-O 8.h4 
Bg4 9.h5 Nxh5 10.Nxh5 gxh5 11.Be3 c5 12.Qd2 Nc6 13.dxc5 1/2-1/2

[Event "18th WCh U20 Girls"]
[Site "Yerevan ARM"]
[Date "2000.09.22"]
[Round "4"]
[White "Mosin, Cristina"]
[Black "Zimina, Olga"]
[Result "1/2-1/2"]
[WhiteElo "2191"]
[BlackElo "2263"]
[EventDate "2000.09.02"]
[PlyCount "76"]

1.e4 c5 2.Nf3 Nc6 3.d4 cxd4 4.Nxd4 Nf6 5.Nc3 e5 6.Ndb5 d6 7.Bg5 a6 8.Na3 
Be6 9.Nc4 Rc8 10.Ne3 Be7 11.Bxf6 Bxf6 12.Ncd5 O-O 13.c3 Bg5 14.Nc4 Kh8 15.
Ndb6 Bxc4 16.Nxc4 Rc7 17.Be2 d5 18.Qxd5 Qb8 19.Nxe5 Nxe5 20.Qxe5 Bd2+ 21.
Kf1 Re8 22.Qd5 Rd8 23.Qf5 b5 24.g3 b4 25.Kg2 bxc3 26.bxc3 Bxc3 27.Rab1 Qa7
28.Rhd1 Bd4 29.Rbc1 Rcd7 30.Rc6 g6 31.Qf3 Qb7 32.Rxa6 Kg7 33.Ra5 Rd6 34.e5
Qxf3+ 35.Kxf3 Bxe5 36.Rxe5 Rxd1 37.Bxd1 Rxd1 38.Ra5 h5 1/2-1/2

[Event "18th WCh U20 Girls"]
[Site "Yerevan ARM"]
[Date "2000.09.22"]
[Round "4"]
[White "Pina Vega, Sulennis"]
[Black "Gasparian, Mariana"]
[Result "1-0"]
[WhiteElo "2312"]
[BlackElo "2090"]
[EventDate "2000.09.02"]
[PlyCount "79"]

1.e4 c5 2.Nf3 e6 3.c4 Nc6 4.Nc3 Qb6 5.d3 a6 6.g3 Nf6 7.Bg2 Be7 8.O-O O-O 
9.h3 d6 10.Nh2 Bd7 11.f4 Nd4 12.g4 Bc6 13.g5 Nd7 14.Rf2 f5 15.Be3 Rae8 16.
Bxd4 cxd4 17.Nd5 Bxd5 18.cxd5 e5 19.exf5 exf4 20.Qh5 Ne5 21.Be4 Bd8 22.
Raf1 Qb5 23.Ng4 Nxd3 24.g6 h6 25.Nxh6+ gxh6 26.Qxh6 Re7 27.a4 Qc4 28.b3 
Qxb3 29.Rf3 Qxa4 30.Bxd3 Rg7 31.Qxf4 Qa3 32.Qe4 Bf6 33.h4 Qb2 34.Qe6+ Kh8 
35.Qxd6 Re7 36.Qf4 Kg8 37.h5 Rfe8 38.d6 Be5 39.Bc4+ Kg7 40.f6+ 1-0

[Event "18th WCh U20 Girls"]
[Site "Yerevan ARM"]
[Date "2000.09.22"]
[Round "4"]
[White "Mohota, Nisha"]
[Black "Galoian, Lilit"]
[Result "1/2-1/2"]
[WhiteElo "2275"]
[BlackElo "2114"]
[EventDate "2000.09.02"]
[PlyCount "80"]

1.d4 Nf6 2.c4 e6 3.Nc3 Bb4 4.e3 b6 5.Bd3 Bb7 6.Nf3 O-O 7.O-O d5 8.Bd2 Nbd7
9.Nxd5 Nxd5 10.cxd5 Bxd2 11.dxe6 Bxf3 12.gxf3 Bxe3 13.exf7+ Kh8 14.fxe3 
Qg5+ 15.Kh1 Qxe3 16.Bc4 Nf6 17.Re1 Qf4 18.Qd3 Rad8 19.Rad1 Nd5 20.Re5 Qxf7
21.Rde1 Nf4 22.Qc2 Qg6 23.Qxg6 Nxg6 24.Rd5 Nf4 25.Rxd8 Rxd8 26.d5 g6 27.b4
b5 28.Bxb5 Rxd5 29.Bf1 Rd2 30.Re8+ Kg7 31.Re7+ Kf6 32.Rxc7 Rxa2 33.Kg1 h5 
34.b5 h4 35.Rc6+ Ke5 36.Rc5+ Kd4 37.Rc4+ Ke3 38.Rc3+ Kd4 39.Rc4+ Ke3 40.
Rc3+ Kd4 1/2-1/2

[Event "18th WCh U20 Girls"]
[Site "Yerevan ARM"]
[Date "2000.09.22"]
[Round "4"]
[White "Batyte, Daiva"]
[Black "Ionica, Iulia"]
[Result "0-1"]
[WhiteElo "2164"]
[BlackElo "2160"]
[EventDate "2000.09.02"]
[PlyCount "58"]

1.e4 c5 2.Nf3 e6 3.d4 cxd4 4.Nxd4 Nf6 5.Bd3 Nc6 6.Be3 d5 7.exd5 Nxd5 8.
Nxc6 bxc6 9.O-O Nxe3 10.fxe3 Bd6 11.Nd2 O-O 12.Ne4 Be7 13.Rf3 f5 14.Nf2 
Rb8 15.b3 Kh8 16.Rh3 Qe8 17.e4 Bc5 18.exf5 exf5 19.Qf3 Rb7 20.Rf1 Re7 21.
Qd1 Bd4 22.Rf3 c5 23.Kh1 Bb7 24.Rxf5 Rxf5 25.Bxf5 Bxf2 26.Qd2 Re2 27.Qd3 
Bd4 28.Bh3 Bf6 29.a3 Re1 0-1

[Event "18th WCh U20 Girls"]
[Site "Yerevan ARM"]
[Date "2000.09.22"]
[Round "4"]
[White "Minnaar, Michelle"]
[Black "Leclair, Marie"]
[Result "1/2-1/2"]
[WhiteElo "2062"]
[BlackElo "2050"]
[EventDate "2000.09.02"]
[PlyCount "87"]

1.d4 d5 2.Nf3 e6 3.c3 c5 4.Bf4 Nc6 5.e3 Nf6 6.Nbd2 Bd6 7.Bxd6 Qxd6 8.Bd3 
O-O 9.O-O e5 10.dxe5 Nxe5 11.Nxe5 Qxe5 12.Re1 Rd8 13.Rc1 Bg4 14.f3 Bd7 15.
Qe2 a6 16.e4 Bc6 17.Rcd1 b5 18.exd5 Qxe2 19.Bxe2 Bxd5 20.c4 Be6 21.cxb5 
axb5 22.a3 c4 23.Nb1 Nd5 24.Kf2 Kf8 25.g3 Rdc8 26.Rc1 Rab8 27.Nc3 Nxc3 28.
Rxc3 b4 29.axb4 Rxb4 30.Rc2 Rcb8 31.Rec1 Rxb2 32.Rxb2 Rxb2 33.Ke3 Rb4 34.
Kd4 Ke7 35.h4 Kd6 36.Bxc4 f6 37.Kd3 Bxc4+ 38.Rxc4 Rxc4 39.Kxc4 Ke5 40.Kd3 
g5 41.hxg5 fxg5 42.Ke3 h5 43.f4+ gxf4+ 44.gxf4+ 1/2-1/2

[Event "18th WCh U20 Girls"]
[Site "Yerevan ARM"]
[Date "2000.09.22"]
[Round "4"]
[White "Dvorakova, Magdalena"]
[Black "Horn, Emilia"]
[Result "0-1"]
[WhiteElo "2026"]
[BlackElo "2052"]
[EventDate "2000.09.02"]
[PlyCount "86"]

1.e4 e6 2.d4 d5 3.Nc3 Bb4 4.e5 c5 5.a3 Bxc3+ 6.bxc3 Ne7 7.Qg4 O-O 8.Bd3 
Ng6 9.Nf3 Nc6 10.O-O Bd7 11.Ng5 Qe7 12.Qh5 h6 13.Nxf7 Nh4 14.Nxh6+ gxh6 
15.Bxh6 Rf5 16.Bxf5 Nxf5 17.Qg6+ Ng7 18.Rad1 Be8 19.Qxg7+ Qxg7 20.Bxg7 
Kxg7 21.f4 Bg6 22.Rd2 Rc8 23.Rb1 Rc7 24.g4 Be4 25.Kf2 Na5 26.Re2 b6 27.h4 
cxd4 28.cxd4 Rc3 29.Ke1 Rg3 30.Rb4 Rxg4 31.c4 Bd3 32.Re3 Bxc4 33.Rf3 Nc6 
34.Rb2 Nxd4 35.Rff2 Rg1+ 36.Kd2 Rg3 37.a4 Kf7 38.h5 Rh3 39.h6 Rxh6 40.Kc3 
Rh3+ 41.Kd2 Nb3+ 42.Kc2 a5 43.f5 Bd3+ 0-1

[Event "18th WCh U20 Girls"]
[Site "Yerevan ARM"]
[Date "2000.09.23"]
[Round "5"]
[White "Aginian, Nelly"]
[Black "Wang Yu"]
[Result "0-1"]
[WhiteElo "2205"]
[BlackElo "2401"]
[EventDate "2000.09.02"]
[PlyCount "144"]

1.e4 e5 2.Nf3 Nc6 3.d4 exd4 4.Nxd4 Bc5 5.Nxc6 Qf6 6.Qd2 dxc6 7.Nc3 Bd7 8.
Na4 Be7 9.Bd3 Nh6 10.Qf4 Qd4 11.Nc3 Ng4 12.h3 Bd6 13.Qd2 Ne5 14.Be2 Bc5 
15.Qxd4 Bxd4 16.Bd2 O-O-O 17.f4 Ng6 18.O-O-O Rhe8 19.Bd3 f6 20.Ne2 Bb6 21.
Rdf1 c5 22.Nc3 Bc6 23.h4 Ba5 24.h5 Nf8 25.Re1 b5 26.b3 Ne6 27.f5 Nf8 28.h6
g5 29.a4 a6 30.axb5 axb5 31.Nb1 Bxd2+ 32.Nxd2 Nd7 33.Be2 Ne5 34.Bh5 Re7 
35.Be2 Kb7 36.c3 Kb6 37.Rhf1 Red7 38.Rd1 Nf7 39.Rh1 Rd6 40.Kc2 R6d7 41.Bf3
Ne5 42.Be2 Bb7 43.Rhe1 Rg8 44.Rf1 Re7 45.g4 Rge8 46.Rfe1 Nf7 47.Bf3 Nxh6 
48.Rh1 Nf7 49.Rxh7 Ne5 50.Rxe7 Rxe7 51.Be2 Rh7 52.Rg1 Rh2 53.Kd1 Rh3 54.
Rg2 Rxc3 55.Rh2 Re3 56.Rh6 Nd7 57.Rh7 Bc6 58.Re7 Kb7 59.Re6 c4 60.bxc4 b4 
61.Nf3 Nc5 62.Rxf6 Nxe4 63.Re6 Nc3+ 64.Kd2 Rxe6 65.fxe6 Nxe2 66.Nxg5 Nf4 
67.Kc2 Ba4+ 68.Kb2 Kc6 69.Nf7 Nxe6 70.g5 Kc5 71.g6 Ng7 72.Ne5 Kd4 0-1

[Event "18th WCh U20 Girls"]
[Site "Yerevan ARM"]
[Date "2000.09.23"]
[Round "5"]
[White "Ramaswamy, Aarthie"]
[Black "Mohota, Nisha"]
[Result "0-1"]
[WhiteElo "2319"]
[BlackElo "2275"]
[EventDate "2000.09.02"]
[PlyCount "72"]

1.e4 c6 2.d4 d5 3.Nd2 dxe4 4.Nxe4 Nd7 5.Ng5 Ngf6 6.Bd3 e6 7.N1f3 Bd6 8.Qe2
h6 9.Ne4 Nxe4 10.Qxe4 Qc7 11.Qg4 Kf8 12.O-O c5 13.Qh4 c4 14.Be2 b5 15.a4 
b4 16.Bxc4 g5 17.Qe4 Bb7 18.Qe2 g4 19.Nh4 Bxh2+ 20.Kh1 Nf6 21.Bd2 a5 22.c3
Ne4 23.Bd3 Nxd2 24.Qxd2 Bd6 25.Kg1 Be7 26.g3 Bxh4 27.gxh4 Qc6 28.f3 gxf3 
29.Qf4 Rg8+ 30.Kh2 Rg2+ 31.Kh3 Ke7 32.cxb4 Qd6 33.Qxd6+ Kxd6 34.Rg1 axb4 
35.Rxg2 fxg2 36.a5 Rxa5 0-1

[Event "18th WCh U20 Girls"]
[Site "Yerevan ARM"]
[Date "2000.09.23"]
[Round "5"]
[White "Xu Yuanyuan"]
[Black "Sorokina, Anastasia"]
[Result "1-0"]
[WhiteElo "2396"]
[BlackElo "2189"]
[EventDate "2000.09.02"]
[PlyCount "59"]

1.d4 f5 2.g3 Nf6 3.Bg2 e6 4.Nh3 d5 5.O-O Bd6 6.c4 c6 7.Bf4 Be7 8.Nd2 O-O 
9.Qc2 b6 10.Rfc1 c5 11.dxc5 bxc5 12.cxd5 exd5 13.Nb3 Na6 14.Be3 Nb4 15.Qd1
c4 16.Nd4 Bd7 17.Nf4 Qa5 18.Bd2 Qb6 19.Bxb4 Qxb4 20.Nxd5 Nxd5 21.Bxd5+ Kh8
22.Nc2 Qa4 23.Bxa8 Rxa8 24.Ne3 Qxd1+ 25.Rxd1 Be6 26.Nd5 Bxd5 27.Rxd5 Bf6 
28.Rad1 Rb8 29.Rxf5 Bxb2 30.Rb5 1-0

[Event "18th WCh U20 Girls"]
[Site "Yerevan ARM"]
[Date "2000.09.23"]
[Round "5"]
[White "Jackova, Jana"]
[Black "Mosin, Cristina"]
[Result "1-0"]
[WhiteElo "2358"]
[BlackElo "2191"]
[EventDate "2000.09.02"]
[PlyCount "61"]

1.e4 g6 2.d4 Bg7 3.Nf3 d6 4.Bc4 c6 5.Nbd2 Nf6 6.e5 dxe5 7.dxe5 Nd5 8.O-O 
Bg4 9.h3 Bxf3 10.Nxf3 e6 11.Bb3 O-O 12.Bg5 Qc7 13.c4 Nb6 14.Re1 a5 15.a4 
Re8 16.Qd4 N8d7 17.Rad1 h6 18.Bf4 Bf8 19.Qe3 Kh7 20.h4 h5 21.Ng5+ Kg8 22.
Ne4 Bg7 23.Nf6+ Bxf6 24.exf6 e5 25.Bg5 Nf8 26.Bh6 Nh7 27.Bg7 Nd7 28.Rxd7 
Qxd7 29.Qh6 Qd6 30.c5 Qxc5 31.Qxg6 1-0

[Event "18th WCh U20 Girls"]
[Site "Yerevan ARM"]
[Date "2000.09.23"]
[Round "5"]
[White "Calotescu, Ana-Cristina"]
[Black "Mkrtchian, Lilit"]
[Result "0-1"]
[WhiteElo "2222"]
[BlackElo "2312"]
[EventDate "2000.09.02"]
[PlyCount "82"]

1.c4 Nf6 2.Nf3 e6 3.g3 a6 4.Bg2 b5 5.b3 c5 6.O-O Bb7 7.Bb2 Be7 8.e3 O-O 9.
d4 cxd4 10.exd4 d6 11.Nbd2 Nbd7 12.Re1 Re8 13.Bf1 Qb6 14.Rb1 Rab8 15.Bc3 
b4 16.Bb2 a5 17.h3 Bf8 18.Bg2 g6 19.Qc2 Bg7 20.Re2 Rbc8 21.Ng5 Ba6 22.Qd1 
a4 23.Re1 a3 24.Ba1 d5 25.Rc1 Nb8 26.Ngf3 Nc6 27.Nf1 Rcd8 28.Ne3 Bh6 29.
Bf1 Ne4 30.Bd3 f5 31.Qe2 Bg7 32.Nc2 Na5 33.Ne5 Bxe5 34.Bxe4 fxe4 35.dxe5 
dxc4 36.Qxe4 cxb3 37.axb3 Nxb3 38.Rb1 Bd3 39.Qxb4 Qxb4 40.Nxb4 Bxb1 41.
Rxb1 Nd2 0-1

[Event "18th WCh U20 Girls"]
[Site "Yerevan ARM"]
[Date "2000.09.23"]
[Round "5"]
[White "Kaps, Darja"]
[Black "Pina Vega, Sulennis"]
[Result "1-0"]
[WhiteElo "2180"]
[BlackElo "2312"]
[EventDate "2000.09.02"]
[PlyCount "55"]

1.e4 c5 2.Nf3 d6 3.d4 cxd4 4.Nxd4 Nf6 5.Nc3 Nc6 6.Bc4 e6 7.Bb3 Be7 8.O-O 
a6 9.Kh1 O-O 10.f4 Qc7 11.f5 Nxd4 12.Qxd4 Bd7 13.Bg5 Rad8 14.Rad1 Bc8 15.
a4 Ng4 16.e5 Nxe5 17.f6 gxf6 18.Bxf6 Bxf6 19.Rxf6 Ng6 20.Ne4 d5 21.Ng5 e5 
22.Qf2 Kg7 23.Bxd5 Nf4 24.Qh4 Qxc2 25.Qh6+ Kg8 26.Bxf7+ Kh8 27.Rg1 Bf5 28.
Bg6 1-0

[Event "18th WCh U20 Girls"]
[Site "Yerevan ARM"]
[Date "2000.09.23"]
[Round "5"]
[White "Zimina, Olga"]
[Black "Gvetadze, Sopio"]
[Result "1-0"]
[WhiteElo "2263"]
[BlackElo "2196"]
[EventDate "2000.09.02"]
[PlyCount "81"]

1.e4 c5 2.Nf3 Nc6 3.Bb5 g6 4.O-O Bg7 5.Re1 e5 6.Bxc6 dxc6 7.d3 Ne7 8.a4 a5
9.Na3 O-O 10.Nc4 Qc7 11.b3 Rd8 12.Bb2 f6 13.Qe2 Be6 14.Nfd2 Rd7 15.Rf1 g5 
16.Ne3 Rad8 17.g3 Rf8 18.Ndc4 Rdd8 19.Ng2 Bh3 20.Rfe1 Rf7 21.Qh5 Be6 22.
Nge3 Ng6 23.Nf5 Bxf5 24.exf5 Ne7 25.Qf3 Nd5 26.Kg2 Bf8 27.h3 Re8 28.Re4 
Nb4 29.Ne3 Bd6 30.Rh1 Kf8 31.Qh5 Ke7 32.d4 cxd4 33.Bxd4 Ref8 34.Rd1 Rd8 
35.Nc4 c5 36.Bxe5 fxe5 37.Qxg5+ Rf6 38.Nxe5 Rf8 39.Ng4+ Kd7 40.Nxf6+ Kc8 
41.Ne8 1-0

[Event "18th WCh U20 Girls"]
[Site "Yerevan ARM"]
[Date "2000.09.23"]
[Round "5"]
[White "Khukhashvili, Sopiko"]
[Black "Plachkinova, Tatiana"]
[Result "1-0"]
[WhiteElo "2272"]
[BlackElo "2171"]
[EventDate "2000.09.02"]
[PlyCount "97"]

1.e4 c5 2.Nf3 Nc6 3.Bb5 e6 4.Bxc6 bxc6 5.b3 Ne7 6.e5 Ng6 7.O-O Be7 8.Ba3 
O-O 9.Nc3 Qa5 10.Na4 f6 11.exf6 Rxf6 12.d4 cxd4 13.Bxe7 Nxe7 14.Qxd4 Ng6 
15.Rfe1 Rf5 16.c4 e5 17.Qc3 Qc7 18.c5 Ba6 19.Nb2 Raf8 20.Re3 Kh8 21.Rae1 
Qd8 22.Nc4 Bxc4 23.Qxc4 Qf6 24.Nd2 Nf4 25.Ne4 Qg6 26.Rg3 Qh6 27.Nd6 R5f6 
28.Rxe5 Ne6 29.Re2 Rf4 30.Ne4 Qh5 31.f3 Rh4 32.h3 Qe5 33.Rg4 Rxg4 34.hxg4 
Qa1+ 35.Kf2 Nf4 36.Rd2 Qh1 37.Qf1 Qh2 38.Rxd7 h5 39.gxh5 Rf5 40.h6 Qxh6 
41.Rd8+ Kh7 42.Rd2 Nd5 43.Qd3 Qh4+ 44.Ng3 g6 45.Rd1 Nb4 46.Qd7+ Kg8 47.Rd4
Rf4 48.Qc8+ Kg7 49.Qc7+ 1-0

[Event "18th WCh U20 Girls"]
[Site "Yerevan ARM"]
[Date "2000.09.23"]
[Round "5"]
[White "Galoian, Lilit"]
[Black "Javakhishvili, Lela"]
[Result "0-1"]
[WhiteElo "2114"]
[BlackElo "2301"]
[EventDate "2000.09.02"]
[PlyCount "72"]

1.d4 Nf6 2.c4 e6 3.Nf3 b6 4.g3 Ba6 5.Qc2 c5 6.Bg2 Nc6 7.Be3 Be7 8.O-O Ng4 
9.Ne5 Ncxe5 10.dxe5 Nxe3 11.fxe3 Bg5 12.Qd3 Rb8 13.Nd2 O-O 14.Ne4 Bb7 15.
Nd6 Bxg2 16.Kxg2 f6 17.h4 Bh6 18.exf6 gxf6 19.e4 a6 20.Rf3 Qe7 21.Raf1 Bg7
22.a4 Rfd8 23.b3 b5 24.cxb5 axb5 25.Nxb5 d5 26.exd5 Rxd5 27.Qc4 Kh8 28.Rd3
Rbd8 29.Rfd1 f5 30.a5 Qe8 31.Kh2 f4 32.g4 Be5 33.Kh3 h5 34.g5 Qg6 35.Kg2 
Qf5 36.Kh1 f3 0-1

[Event "18th WCh U20 Girls"]
[Site "Yerevan ARM"]
[Date "2000.09.23"]
[Round "5"]
[White "Horn, Emilia"]
[Black "Batyte, Daiva"]
[Result "0-1"]
[WhiteElo "2052"]
[BlackElo "2164"]
[EventDate "2000.09.02"]
[PlyCount "78"]

1.e4 e6 2.d4 d5 3.Nc3 Nf6 4.e5 Nfd7 5.Nce2 c5 6.c3 Nc6 7.f4 Qb6 8.Nf3 cxd4
9.cxd4 Bb4+ 10.Bd2 f6 11.g4 fxe5 12.dxe5 O-O 13.Bxb4 Qxb4+ 14.Qd2 Nc5 15.
O-O-O Bd7 16.Nfd4 Qxd2+ 17.Rxd2 Ne4 18.Rd1 Nf2 19.Bg2 Nxh1 20.Bxh1 Rac8 
21.Kb1 Nxd4 22.Rxd4 Bb5 23.Nc3 a6 24.f5 Rc4 25.Nxb5 axb5 26.Rd1 Rf4 27.Kc2
exf5 28.Rxd5 Rf2+ 29.Kc3 Rxh2 30.Rd1 fxg4 31.Bxb7 h5 32.e6 Re8 33.Bd5 Re7 
34.Kd4 Re2 35.Rc1 Kh7 36.b4 h4 37.Rg1 g3 38.Kd3 R2xe6 39.Bxe6 Rxe6 0-1